Accents en français - Mort Subite - Statistiques

Statistiques générales
  • Ce quiz a été pris 262 fois
  • Le résultat moyen est 6 sur 9
Answers on the Grid
Answers color-coded by a green-red scale on the quiz's grid according to % correct below.
é
à
è
ù
â
î
ê
ô
û
ā
á
ã
ă
ė
ě
ĕ
ē
¿
ŷ
ū
ŭ
ű
ů
ń
ĺ
ī
í
ì
õ
ó
ý
ő
 
Statistiques - réponses
Réponse % Correct
è
74%
ê
74%
é
71%
à
69%
ù
64%
â
61%
î
61%
ô
60%
û
59%
Aucun quiz correspondant
Distribution des résultats
% des personnes avec chaque résultat
Percentile par nombre de réponses
Votre historique - résultats
Vous n’avez pas pris ce quiz